[Event "Irish Championship 2017"]
[Site "Ennis IRL"]
[Date "2017.08.06"]
[Round "9.3"]
[White "Melaugh, Gavin"]
[Black "O'Donnell, Conor"]
[Result "0-1"]
[BlackTitle "FM"]
[WhiteElo "1936"]
[BlackElo "2389"]
[WhiteICU "1929"]
[BlackICU "2361"]
[WhiteClub "Elm Mount"]
[BlackClub "Gonzaga"]
[WhiteNationality "IRL"]
[BlackNationality "IRL"]
[WhiteFideId "2509571"]
[BlackFideId "2504243"]
[PlyCount "106"]
[EventDate "2017.07.29"]

{ Event information: <a
href="https://www.irlchess.com/irlch2017_allfiles/pairings_irlch2017.html">Tournament
report</a>. }

1. c4 b6 2. Nf3 Bb7 3. g3 Bxf3 4. exf3 c5 5. Bg2 Nc6 6. f4 g6 7. Nc3 Bg7 8.
O-O e6 9. b3 Nge7 10. Bb2 Nf5 11. d3 O-O 12. Qd2 a6 13. Rfd1 Ra7 14. Ne2
Ncd4 15. Nxd4 Nxd4 16. Bxd4 Bxd4 17. Rac1 b5 18. Rc2 b4 19. Rb1 a5 20. Qd1
Qc7 21. Bf3 Rb8 22. Qf1 Rb6 23. Bd1 a4 24. Re2 axb3 25. Bxb3 Kg7 26. Qg2
Ra3 27. Qf3 Rba6 28. Rc2 Qa7 29. Qe2 h6 30. h4 Qb7 31. Qe4 Qc7 32. Kg2 Rd6
33. Rh1 Qd8 34. Qf3 f5 35. Re2 Bf6 36. Qe3 Qa8+ 37. f3 Bd4 38. Qd2 Bc3 39.
Qe3 Bd4 40. Qd2 Bf6 41. Qe3 Rd4 42. Rd2 Qc6 43. Rdd1 Ra8 44. Rhe1 Re8 45.
Kh3 Kf7 46. Re2 Qd6 47. Bc2 Ra8 48. Bb3 Rg8 49. Bc2 g5 50. hxg5 hxg5 51.
fxg5 Bxg5 52. Qe5 Qf8 53. Rh2 Bf4 0-1

[Event "Irish Championship 2017"]
[Site "Ennis IRL"]
[Date "2017.08.06"]
[Round "9.4"]
[White "Mirza, Diana"]
[Black "Baburin, Alexander"]
[Result "0-1"]
[WhiteTitle "WFM"]
[BlackTitle "GM"]
[WhiteElo "1901"]
[BlackElo "2473"]
[WhiteICU "1872"]
[BlackICU "2419"]
[WhiteClub "St. Michael's"]
[BlackClub "Kilkenny"]
[WhiteNationality "IRL"]
[BlackNationality "IRL"]
[WhiteFideId "2503999"]
[BlackFideId "2500914"]
[PlyCount "104"]
[EventDate "2017.07.29"]

{ Event information: <a
href="https://www.irlchess.com/irlch2017_allfiles/pairings_irlch2017.html">Tournament
report</a>. }

1. e4 Nf6 2. e5 Nd5 3. d4 d6 4. Nf3 Bg4 5. Be2 e6 6. O-O Be7 7. c4 Nb6 8.
exd6 cxd6 9. Nc3 O-O 10. h3 Bh5 11. b3 d5 12. g4 Bg6 13. Ne5 dxc4 14. bxc4
Nc6 15. Nxg6 hxg6 16. d5 exd5 17. Nxd5 Nxd5 18. cxd5 Nd4 19. Bb2 Nxe2+ 20.
Qxe2 Bd6 21. Qf3 Re8 22. Rab1 Qa5 23. Bc3 Qa6 24. Rb2 Re7 25. Re1 Rae8 26.
Rxe7 Rxe7 27. Kg2 Qc4 28. Rd2 b5 29. Rd4 Qxa2 30. Bb4 Qa6 31. Re4 Rxe4 32.
Qxe4 Kh7 33. Bc3 b4 34. Bb2 Qa2 35. Qd4 f6 36. g5 Be5 37. Qh4+ Kg8 38. Bxe5
Qxd5+ 39. Kf1 Qb5+ 40. Kg1 fxe5 41. Qe4 b3 42. Qxg6 b2 43. Qe6+ Kf8 44.
Qd6+ Ke8 45. Qe6+ Kd8 46. Qg8+ Kc7 47. Qxg7+ Kb6 48. Qf6+ Qc6 49. Qd8+ Qc7
50. Qf6+ Ka5 51. Qf5 Qc1+ 52. Kg2 b1=Q 0-1

[Event "Irish Championship 2017"]
[Site "Ennis IRL"]
[Date "2017.08.06"]
[Round "9.6"]
[White "MacElligott, Gerard"]
[Black "Melaugh, Shane"]
[Result "1-0"]
[WhiteTitle "CM"]
[WhiteElo "2015"]
[BlackElo "1985"]
[WhiteICU "1959"]
[BlackICU "1929"]
[WhiteClub "Elm Mount"]
[BlackClub "Elm Mount"]
[WhiteNationality "IRL"]
[BlackNationality "IRL"]
[WhiteFideId "2500647"]
[BlackFideId "2509580"]
[PlyCount "79"]
[EventDate "2017.07.29"]

{ Event information: <a
href="https://www.irlchess.com/irlch2017_allfiles/pairings_irlch2017.html">Tournament
report</a>. }

1. d4 f5 2. Nf3 Nf6 3. g3 e6 4. Bg2 Be7 5. c4 d6 6. Nc3 O-O 7. O-O a5 8.
Re1 Ne4 9. Qd3 Nxc3 10. bxc3 Nc6 11. e4 e5 12. Ba3 fxe4 13. Qxe4 exd4 14.
Nxd4 Nxd4 15. cxd4 Bf6 16. c5 c6 17. cxd6 Bd7 18. Rad1 Qb6 19. Bc5 Qb2 20.
Qe2 Qxe2 21. Rxe2 b5 22. d5 Bg4 23. f3 Bd7 24. dxc6 Bxc6 25. f4 Bxg2 26.
Kxg2 Rfc8 27. d7 Rcb8 28. Bd6 Rd8 29. Bc7 Rf8 30. Red2 Bd8 31. Rc2 Bxc7 32.
Rxc7 Rfd8 33. Rdc1 Kf7 34. Rc8 Rxd7 35. Rxa8 Rd2+ 36. Kf3 Rxa2 37. Rc6 h6
38. f5 b4 39. Ra7+ Kg8 40. f6 1-0

[Event "Irish Championship 2017"]
[Site "Ennis IRL"]
[Date "2017.08.06"]
[Round "9.7"]
[White "Tirziman, Rudolf"]
[Black "Delaney, Killian"]
[Result "1-0"]
[WhiteElo "1926"]
[BlackElo "2247"]
[WhiteICU "1913"]
[BlackICU "2179"]
[WhiteClub "Blanchardstown"]
[BlackClub "Gonzaga"]
[WhiteNationality "IRL"]
[BlackNationality "IRL"]
[WhiteFideId "2508664"]
[BlackFideId "2501570"]
[PlyCount "81"]
[EventDate "2017.07.29"]

{ Event information: <a
href="https://www.irlchess.com/irlch2017_allfiles/pairings_irlch2017.html">Tournament
report</a>. }

1. e4 c6 2. d4 d5 3. Nc3 dxe4 4. Nxe4 Nd7 5. Bd3 Ngf6 6. Ng5 e6 7. N1f3 h6
8. Nxe6 Qe7 9. O-O fxe6 10. Bg6+ Kd8 11. Re1 Ne8 12. Qd3 b6 13. Bf4 Bb7 14.
c4 Kc8 15. Rac1 Nc7 16. Bg3 Qd8 17. Re2 Be7 18. Nd2 Bg5 19. Rce1 Bxd2 20.
Rxd2 Nf8 21. Be4 Nd7 22. Bf3 Nf6 23. b4 Qd7 24. a4 a6 25. Rc1 b5 26. cxb5
axb5 27. axb5 Nfd5 28. bxc6 Bxc6 29. Qc4 Bb5 30. Qc5 Kd8 31. Bxc7+ Qxc7 32.
Qxc7+ Nxc7 33. Bxa8 Nxa8 34. Ra2 Nb6 35. Ra5 Bd7 36. Ra6 Nc8 37. Rc5 Ke7
38. b5 Nd6 39. Ra7 Rc8 40. b6 Kd8 41. b7 1-0

[Event "Irish Championship 2017"]
[Site "Ennis IRL"]
[Date "2017.08.06"]
[Round "9.8"]
[White "Fox, Anthony"]
[Black "Scott, Luke"]
[Result "0-1"]
[WhiteElo "2016"]
[BlackElo "1682"]
[WhiteICU "1968"]
[BlackICU "1798"]
[WhiteClub "Dun Laoghaire"]
[BlackClub "Blanchardstown"]
[WhiteNationality "IRL"]
[BlackNationality "IRL"]
[WhiteFideId "2500736"]
[BlackFideId "2507986"]
[PlyCount "76"]
[EventDate "2017.07.29"]

{ Event information: <a
href="https://www.irlchess.com/irlch2017_allfiles/pairings_irlch2017.html">Tournament
report</a>. }

1. e4 e6 2. d3 d5 3. Nd2 Nf6 4. Ngf3 c5 5. g3 Nc6 6. Bg2 Be7 7. O-O O-O 8.
Re1 b5 9. a4 Rb8 10. axb5 Rxb5 11. e5 Nd7 12. h4 Qc7 13. Qe2 a5 14. c4 Rb4
15. cxd5 exd5 16. e6 Nf6 17. exf7+ Rxf7 18. Ng5 Nd4 19. Qd1 Bg4 20. f3 Qxg3
21. Nf1 Qxh4 22. Nxf7 $4 (22. fxg4 $10) 22... Nxf3+ $19 23. Bxf3 Bxf3 24.
Qxf3 Rg4+ 25. Qxg4 Qxg4+ 26. Kf2 Kxf7 27. Rxa5 Ne4+ 28. Rxe4 Bh4+ 29. Ke3
dxe4 30. dxe4 Bg5+ 31. Kf2 Bxc1 32. Rxc5 Qf4+ 33. Kg2 Qxe4+ 34. Kh3 Bxb2
35. Ng3 Qe3 36. Rc7+ Kg6 37. Rc6+ Kg5 38. Rc5+ Be5 0-1